Cálculo de una variable : (Record no. 8374)

MARC details
000 -LEADER
campo de control de longitud fija 00888nam a22002297a 4500
005 - FECHA Y HORA DE LA ÚLTIMA TRANSACCIÓN
campo de control 20250128124657.0
008 - DATOS DE LONGITUD FIJA--INFORMACIÓN GENERAL
campo de control de longitud fija 240423b mx |||||||||| 00| | spa d
020 ## - NÚMERO INTERNACIONAL ESTÁNDAR DEL LIBRO
Número Internacional Estándar del Libro 9786075265506
040 ## - FUENTE DE CATALOGACIÓN
Centro catalogador/agencia de origen UNAMX
Centro/agencia transcriptor UNAMX
Centro/agencia modificador UNAMX
-- MX-LbUP
050 #4 - SIGNATURA TOPOGRÁFICA DE LA BIBLIOTECA DEL CONGRESO
Número de clasificación QA303
Número de ítem S74 2018
100 1# - ENTRADA PRINCIPAL--NOMBRE DE PERSONA
Nombre de persona Stewart, James,
Fechas asociadas al nombre 1941-
9 (RLIN) 1868
Término indicativo de función/relación autor
240 10 - TÍTULO UNIFORME
Título uniforme Single variable calculus.
Lenguaje de la obra Españo
245 10 - MENCIÓN DEL TÍTULO
Título Cálculo de una variable :
Resto del título trascendentes tempranas /
Mención de responsabilidad, etc. James Stewart ; traducción, Ana Elizabeth García Hernández, Enrique C. Mercado González
250 ## - MENCION DE EDICION
Mención de edición 8a ed.
260 #1 - PUBLICACIÓN, DISTRIBUCIÓN, ETC.
Lugar de publicación, distribución, etc. Ciudad de México :
Nombre del editor, distribuidor, etc. Cengage,
Fecha de publicación, distribución, etc. 2018
300 ## - DESCRIPCIÓN FÍSICA
Extensión xxx, 790 páginas :
Otras características físicas ilustraciones ;
Dimensiones 27 cm.
500 ## - NOTA GENERAL
Nota general Traducción de: Single variable calculus.
650 #0 - PUNTO DE ACCESO ADICIONAL DE MATERIA--TÉRMINO DE MATERIA
Término de materia o nombre geográfico como elemento de entrada Cálculo
9 (RLIN) 31
700 1# - ENTRADA AGREGADA--NOMBRE PERSONAL
Nombre de persona García Hernández, Ana Elizabeth
9 (RLIN) 2315
Término indicativo de función/relación traductor
700 1# - ENTRADA AGREGADA--NOMBRE PERSONAL
Nombre de persona Mercado González, Enrique Cruz
9 (RLIN) 5093
Término indicativo de función/relación traductor
942 ## - ELEMENTOS DE ENTRADA SECUNDARIOS (KOHA)
Fuente del sistema de clasificación o colocación Clasificación de Library of Congress
Tipo de ítem Koha Libro
Holdings
Estatus retirado Estado de pérdida Fuente del sistema de clasificación o colocación Estado de daño No para préstamo Biblioteca de origen Biblioteca actual Fecha de adquisición Número de inventario Total de préstamos Signatura topográfica completa Código de barras Visto por última vez Copia número Precio de reemplazo Tipo de ítem Koha
    Clasificación de Library of Congress     Tuxtepec Tuxtepec 23/04/2024 TX005910   QA303 S74 2018 TX005910 23/04/2024 Ej. 1 23/04/2024 Libro
    Clasificación de Library of Congress     Tuxtepec Tuxtepec 23/04/2024 TX005911   QA303 S74 2018 TX005911 23/04/2024 Ej. 2 23/04/2024 Libro
  
Av. Ferrocarril s/n, CD. Universitaria, Loma Bonita, Oax., México C.P. 68400
Circuito Central #200, colonia Parque Industrial, Tuxtepec, Oax., México C.P. 68301